G1 Transformers All Toys - Statistics

General Stats
  • This quiz has been taken 88 times
  • The average score is 172 of 402
Answer Stats
Hint Answer % Correct
Actionmaster | Autobot | Powermaster Optimus Prime
100%
Actionmaster | Minibot | Pretender Classic Bumblebee
97%
Autobot Ironhide
97%
Autobot Ratchet
97%
Actionmaster | Decepticon Soundwave
97%
Actionmaster | Decepticon | Pretender Classic Starscream
97%
Minibot Cliffjumper
95%
Actionmaster | Autobot | Pretender Classic Jazz
95%
Actionmaster | Decepticon Megatron
95%
Cassette Laserbeak
92%
Cassette Rumble
92%
Actionmaster | Decepticon Shockwave
92%
Decepticon Skywarp
92%
Decepticon Thundercracker
92%
Actionmaster | Autobot Wheeljack
92%
Autobot | Targetmaster Hot Rod
89%
Minibot Brawn
87%
Cassette Frenzy
87%
Actionmaster | Dinobot | Pretender Classic Grimlock
87%
Autobot Hound
87%
Cassette Ravage
87%
Autobot Sideswipe
87%
Dinobot Swoop
87%
Decepticon Galvatron
84%
Constructicon Long Haul
84%
Autobot Mirage
84%
Constructicon Scrapper
84%
Dinobot Slag
84%
Actionmaster | Dinobot Snarl
84%
Triple Changer Blitzwing
82%
Constructicon Bonecrusher
82%
Constructicon Mixmaster
82%
Actionmaster | Autobot Prowl
82%
Dinobot Sludge
82%
Autobot Sunstreaker
82%
Triple Changer Astrotrain
79%
Actionmaster | Autobot Blaster
79%
Autobot | Targetmaster Blurr
79%
Insecticon Bombshell
79%
Actionmaster | Constructicon Devastator
79%
Constructicon Hook
79%
Autobot Jetfire
79%
Decepticon | Targetmaster Scourge
79%
Autobot Ultra Magnus
79%
Combaticon Brawl
76%
Combaticon Bruticus
76%
Minibot Gears
76%
Actionmaster | Autobot Inferno
76%
Insecticon Kickback
76%
Autobot | Targetmaster Kup
76%
Decepticon Ramjet
76%
Insecticon Shrapnel
76%
Aerialbot Silverbolt
76%
Combaticon Swindle
76%
Minibot Beachcomber
74%
Autobot Bluestreak
74%
Decepticon | Targetmaster Cyclonus
74%
Minibot Huffer
74%
Cassette Ratbat
74%
Autobot Sixgun
74%
Aerialbot Superion
74%
Aerialbot Air Raid
71%
Cassette Buzzsaw
71%
Minibot Cosmos
71%
Decepticon Dirge
71%
Autobot Grapple
71%
Autobot Metroplex
71%
Stunticon Motormaster
71%
Combaticon Onslaught
71%
Predacon Predaking
71%
Autobot Red Alert
71%
Autobot Rodimus Prime
71%
Autobot Scamper
71%
Constructicon Scavenger
71%
Six Changer Sixshot
71%
Autobot Slammer
71%
Triple Changer Springer
71%
Decepticon Thrust
71%
Junkion Wreck-Gar
71%
Protectobot First Aid
68%
Throttlebot Goldbug
68%
Minibot Powerglide
68%
Predacon Rampage
68%
Cassette Rewind
68%
Autobot Skids
68%
Combaticon Vortex
68%
Minibot Warpath
68%
Minibot Wheelie
68%
Protectobot Blades
66%
Stunticon Dead End
66%
Protectobot Defensor
66%
Autobot Omega Supreme
66%
Autobot Perceptor
66%
Minibot Seaspray
66%
Autobot Smokescreen
66%
Cassette Steeljaw
66%
Minibot Swerve
66%
Autobot Trailbreaker
66%
Minibot Windcharger
66%
Combaticon Blast Off
63%
Stunticon Breakdown
63%
Autobot Cog
63%
Predacon Divebomb
63%
Stunticon Drag Strip
63%
Protectobot Hot Spot
63%
Decepticon Reflector
63%
Battlecharger Runabout
63%
Battlecharger Runamuck
63%
Aerialbot Slingshot
63%
Triple Changer Broadside
61%
Decepticon Brunt
61%
Headmaster Chromedome
61%
Technobot Computron
61%
Decepticon Fasttrack
61%
Aerialbot Fireflight
61%
Decepticon Full-Tilt
61%
Autobot Hoist
61%
Stunticon Menasor
61%
Triple Changer Octane
61%
Cassette Ramhorn
61%
Headmaster Scorponok
61%
Decepticon Trypticon
61%
Headmaster Cerebros
58%
Cassette Eject
58%
Headmaster Fortress Maximus
58%
Sharkticon Gnaw
58%
Minibot Pipes
58%
Aerialbot Skydive
58%
Terrorcon Abominus
55%
Headmaster Brainstorm
55%
Throttlebot Chase
55%
Triple Changer Sandstorm
55%
Minibot Tailgate
55%
Autobot Tracks
55%
Technobot Nosecone
53%
Minibot Outback
53%
Terrorcon Rippersnapper
53%
Terrorcon Sinnertwin
53%
Jumpstarter Topspin
53%
Jumpstarter Twin Twist
53%
Stunticon Wildrider
53%
Horrorcon Apeface
50%
Clone Cloudraker
50%
Protectobot Groove
50%
Predacon Razorclaw
50%
Headmaster Skullcruncher
50%
Protectobot Streetwise
50%
Deluxe Insecticon Venom
50%
Headmaster Weirdwolf
50%
Deluxe Autobot Whirl
50%
Terrorcon Blot
47%
Deluxe Insecticon Chop Shop
47%
Predacon Headstrong
47%
Technobot Lightspeed
47%
Headmaster Mindwipe
47%
Autobot Sky Lynx
47%
Cassette Slugfest
47%
Horrorcon Snapdragon
47%
Predacon Tantrum
47%
Technobot Afterburner
45%
Micromaster Racetrack Patrol Barricade
45%
Targetmaster Crosshairs
45%
Terrorcon Cutthroat
45%
Clone Fastlane
45%
Headmaster Hardhead
45%
Minibot Hubcap
45%
Terrorcon Hun-Grrr
45%
Targetmaster Misfire
45%
Cassette Overkill
45%
Targetmaster Pointblank
45%
Clone Pounce
45%
Technobot Strafe
45%
Targetmaster Sureshot
45%
Targetmaster Triggerhappy
45%
Throttlebot Wideload
45%
Deluxe Autobot Roadbuster
42%
Throttlebot Rollbar
42%
Technobot Scattershot
42%
Targetmaster Spinister
42%
Clone Wingspan
42%
Deluxe Insecticon | Micromaster Combiner Astro Squad Barrage
39%
Duocon Battletrap
39%
Monsterbot Repugnus
39%
Pretender Bludgeon
37%
Omnibot Camshaft
37%
Triggercon Crankcase
37%
Throttlebot Freeway
37%
Headmaster Highbrow
37%
Autobot Punch/Counterpunch
37%
Deluxe Insecticon Ransack
37%
Targetmaster Slugslinger
37%
Headmaster Squeezeplay
37%
Headmaster Fangry
34%
Duocon Flywheels
34%
Headmaster Horri-Bull
34%
Throttlebot Searchlight
34%
Micromaster Combiner Base Blackout
32%
Pretender Bomb Burst
32%
Powermaster Darkwing
32%
Monsterbot Doublecross
32%
Powermaster Doubledealer
32%
Omnibot Downshift
32%
Headmaster Hosehead
32%
Monster Pretender Icepick
32%
Headmaster Nightbeat
32%
Omnibot Overdrive
32%
Targetmaster Quake
32%
Pretender Skullgrin
32%
Pretender Iguanus
29%
Six Changer Quickswitch
29%
Headmaster Siren
29%
Cassette Squawktalk
29%
Mega Pretender Thunderwing
29%
Cassette Beastbox
26%
Pretender Cloudburst
26%
Powermaster Dreadwind
26%
Micromaster Transport Erector
26%
Monster Pretender Monstructor
26%
Targetmaster Needlenose
26%
Seacon Snaptrap
26%
Powermaster Getaway
24%
Cassette Grand Slam
24%
Pretender Octopunch
24%
Targetmaster Quickmix
24%
Targetmaster Scoop
24%
Powermaster Slapdash
24%
Pretender Beast Carnivac
21%
Pretender Beast Chainclaw
21%
Micromaster Station Greasepit
21%
Monsterbot Grotusque
21%
Sparkabot Guzzle
21%
Micromaster Combiner Constructor Squad Knockout
21%
Pretender Landmine
21%
Seacon Piranacon
21%
Cassette Raindance
21%
Triggercon Ruckus
21%
Seacon Seawing
21%
Seacon Tentakil
21%
Pretender Bugly
18%
Firecon Cindersaur
18%
Triggerbot Dogfight
18%
Pretender Doubleheader
18%
Sparkabot Fizzle
18%
Actionmaster Jackpot
18%
Powermaster Joyride
18%
Seacon Overbite
18%
Ultra Pretender Skyhammer
18%
Pretender Stranglehold
18%
Triggercon Windsweeper
18%
Micromaster Station Airwave
16%
Pretender Beast Catilla
16%
Micromaster Base Countdown
16%
Mega Pretender Crossblades
16%
Firecon Flamefeather
16%
Pretender Vehicle Gunrunner
16%
Micromaster Station Ironworks
16%
Actionmaster Krok
16%
Targetmaster Landfill
16%
Seacon Nautilator
16%
Triggerbot Override
16%
Ultra Pretender Roadblock
16%
Sparkabot Sizzle
16%
Micromaster Air Patrol | Pretender Sky High
16%
Firecon Sparkstalker
16%
Pretender Waverider
16%
Triggerbot Backstreet
13%
Micromaster Hot Rod Patrol Big Daddy
13%
Monster Pretender Birdbrain
13%
Monster Pretender Bristleback
13%
Pretender Finback
13%
Micromaster Transport Flattop
13%
Micromaster Military Patrol Growl
13%
Micromaster Station Hot House
13%
Pretender Longtooth
13%
Actionmaster Mainframe
13%
Micromaster Transport Overload
13%
Pretender Pincher
13%
Pretender Vehicle Road Grabber
13%
Micromaster Transport Roughstuff
13%
Seacon Skalor
13%
Pretender Beast Snarler
13%
Pretender Splashdown
13%
Pretender Submarauder
13%
Micromaster Racecar Patrol Swindler
13%
Mega Pretender Vroom
13%
Actionmaster Banzaitron
11%
Micromaster Battle Patrol Big Shot
11%
Micromaster Sports Car Patrol Blackjack
11%
Micromaster Rescue Patrol Fixit
11%
Micromaster Battle Patrol Flak
11%
Pretender Groundbreaker
11%
Micromaster Combiner Transport Gusher
11%
Micromaster Off-Road Patrol Highjump
11%
Micromaster Combiner Battle Squad Meltdown
11%
Actionmaster Rad
11%
Micromaster Rescue Patrol Redhot
11%
Actionmaster Rollout
11%
Micromaster Rescue Patrol Seawatch
11%
Micromaster Combiner Constructor Squad Sledge
11%
Monster Pretender Slog
11%
Actionmaster Sprocket
11%
Micromaster Rescue Patrol Stakeout
11%
Micromaster Racecar Patrol Tailspin
11%
Micromaster Construction Patrol Takedown
11%
Actionmaster Treadshot
11%
Micromaster Airstrike Patrol Whisper
11%
Actionmaster Axer
8%
Micromaster Combiner Astro Squad Blast Master
8%
Micromaster Air Patrol Blaze Master
8%
Micromaster Sports Car Patrol Detour
8%
Micromaster Racetrack Patrol Groundhog
8%
Micromaster Base Groundshaker
8%
Actionmaster Gutcruncher
8%
Micromaster Off-Road Patrol Mudslinger
8%
Actionmaster Overrun
8%
Micromaster Combiner Astro Squad Phaser
8%
Micromaster Combiner Transport Pipeline
8%
Micromaster Off-Road Patrol Powertrain
8%
Micromaster Combiner Transport Retro
8%
Micromaster Racecar Patrol Roadhandler
8%
Micromaster Sports Car Patrol Road Hugger
8%
Monster Pretender Scowl
8%
Actionmaster Skyfall
8%
Micromaster Base Skyhopper
8%
Micromaster Base Skystalker
8%
Micromaster Monster Truck Patrol Slow Poke
8%
Micromaster Combiner Base Spaceshot
8%
Micromaster Battle Patrol Sunrunner
8%
Micromaster Airstrike Patrol Tailwind
8%
Monster Pretender Wildfly
8%
Micromaster Monster Truck Patrol Big Hauler
5%
Micromaster Military Patrol Bombshock
5%
Micromaster Combiner Transport Cement Head
5%
Micromaster Construction Patrol Crumble
5%
Micromaster Combiner Battle Squad Direct Hit
5%
Micromaster Military Patrol Dropshot
5%
Micromaster Air Patrol Eagle Eye
5%
Micromaster Combiner Constructor Squad Excavator
5%
Micromaster Combiner Battle Squad Fireshot
5%
Micromaster Racecar Patrol Free Wheeler
5%
Micromaster Combiner Base Full Barrel
5%
Micromaster Hot Rod Patrol Greaser
5%
Micromaster Combiner Constructor Squad Grit
5%
Micromaster Construction Patrol Groundpounder
5%
Micromaster Combiner Battle Squad Half-Track
5%
Micromaster Combiner Constructor Squad Hammer
5%
Micromaster Combiner Astro Squad Heave
5%
Micromaster Monster Truck Patrol Heavy Tread
5%
Micromaster Hot Rod Patrol Hubs
5%
Micromaster Monster Truck Patrol Hydraulic
5%
Micromaster Sports Car Patrol Hyperdrive
5%
Actionmaster Kickoff
5%
Micromaster Combiner Astro Squad Missile Master
5%
Micromaster Combiner Astro Squad Moonrock
5%
Micromaster Racetrack Patrol Motorhead
5%
Micromaster Construction Patrol Neutro
5%
Micromaster Airstrike Patrol Nightflight
5%
Micromaster Combiner Metro Squad Oiler
5%
Micromaster Combiner Base Overflow
5%
Micromaster Combiner Battle Squad Power Punch
5%
Micromaster Combiner Metro Squad Power-Run
5%
Micromaster Combiner Metro Squad Roadburner
5%
Micromaster Racetrack Patrol Roller Force
5%
Micromaster Battle Patrol Sidetrack
5%
Micromaster Combiner Metro Squad Slide
5%
Micromaster Combiner Constructor Squad Stonecruncher
5%
Micromaster Airstrike Patrol Stormcloud
5%
Micromaster Combiner Metro Squad Strikedown
5%
Micromaster Combiner Transport Surge
5%
Micromaster Combiner Transport Terror Tread
5%
Micromaster Off-Road Patrol Tote
5%
Micromaster Military Patrol Tracer
5%
Micromaster Air Patrol Tread Bolt
5%
Micromaster Hot Rod Patrol Trip-Up
5%
Micromaster Combiner Battle Squad Vanquish
5%
Micromaster Combiner Metro Squad Wheel Blaze
5%
No matching quizzes found
Score Distribution
Percent of People with Each Score
Percentile by Number Answered
Your Score History
You have not taken this quiz